000 00521nam a22001937a 4500
005 20251108165222.0
008 250721s1995 xx 000 0 ara d
082 1 4 _a612/خل
100 1 _aخلة، اميل
245 1 0 _aتركيب جسمك /
264 1 _aالقاهرة :
_bمكتبة العرب،
_c1995.
300 _a
490 0 _aسلسلة : صحتك أولا
650 1 7 _aالفسيولوجيا
650 1 7 _aالتشريح
650 1 7 _aجسم الإنسان
942 _2ddc
_cBK
999 _c22451
_d22451